Score 0/40 Timer 06:00
0 Plays Today
Category Answer % Correct
PlanetMars
95.4%
Zodiac SignAquarius
90.8%
US StateArkansas
90.7%
Orchestra SectionBrass
87.5%
State of MatterGas
85.7%
Bible BookGenesis
85.6%
Major Greek GodZeus
85.2%
Temperature ScaleCelsius
84.5%
UK CountryWales
83%
Friends Main Character (First Name)Ross
82.5%
Male Voice TypeBass
82%
North American CountryBarbados
78.2%
Legendary Founder of RomeRomulus
72.7%
Basic Rock TypeIgneous
70.7%
Sporcle CategoryMiscellaneous
69%
Three MusketeersAthos
65.2%
US PresidentAdams
64.1%
British Nobility RankDuchess
63.9%
Flintstone CharacterPebbles
63.4%
Emmy Best ComedyFriends
60.4%
Category Answer % Correct
Wimbledon Champion (Men's Open)Sampras
57.5%
NBA Champion (2010s)Raptors
55.6%
Tony Best MusicalLes Misérables
55.4%
Simpsons Character SurnameBurns
53.6%
Wonka Kid (First Name)Augustus
53.5%
Australian StateNew South Wales
53.4%
2D Shape Rhombus
49.7%
The Fellowship of the RingLegolas
44.3%
African CapitalAlgiers
41.4%
Disney PrincessPocahontas
38.7%
Three Tenors' TenorCarreras
34.9%
US TerritoryVirgin Islands
34.1%
Shakespeare PlayThe Comedy Of Errors
29.7%
Monopoly PropertyWaterworks
29.7%
ElementPhosphorus
25.8%
Martian MoonPhobos
24.4%
Beatles AlbumThe Beatles
24%
Space ShuttleAtlantis
22.9%
One Word Oscar MovieWings
21.9%
Pokémon (Generation I)Paras
11.5%
Remove Ads.
Support Sporcle.
Get the best of Sporcle when you Go Orange. This ad-free experience offers more features, more stats, and more fun while also helping to support Sporcle. Thank you for becoming a member.

You're not logged in!

Compare scores with friends on all Sporcle quizzes.
OR
Log In

Sporcle TV

Today on Sporcle TV


Watch our educational content, quiz creation guides, and fun videos on Sporcle TV.

Show Comments

Extras

Top Quizzes Today


Score Distribution

Paid Content

Your Account Isn't Verified!

In order to create a playlist on Sporcle, you need to verify the email address you used during registration. Go to your Sporcle Settings to finish the process.

Report this User

Report this user for behavior that violates our Community Guidelines.

Details: